<?xml version="1.0" encoding="UTF-8"?>
<collection xmlns="http://www.loc.gov/MARC21/slim">
<record>
  <controlfield tag="001">1022409</controlfield>
  <controlfield tag="005">20260117055427.0</controlfield>
  <datafield tag="024" ind1="7" ind2=" ">
    <subfield code="a">2071-1050</subfield>
    <subfield code="2">ISSN</subfield>
  </datafield>
  <datafield tag="024" ind1="7" ind2=" ">
    <subfield code="a">SCOPUS:2-s2.0-105023069599</subfield>
    <subfield code="2">SCOPUS</subfield>
  </datafield>
  <datafield tag="024" ind1="7" ind2=" ">
    <subfield code="a">WOS:001624584900001</subfield>
    <subfield code="2">WOS</subfield>
  </datafield>
  <datafield tag="024" ind1="7" ind2=" ">
    <subfield code="a">10.3390/su172210300</subfield>
    <subfield code="2">doi</subfield>
  </datafield>
  <datafield tag="024" ind1="7" ind2=" ">
    <subfield code="a">10.18154/RWTH-2025-10002</subfield>
    <subfield code="2">datacite_doi</subfield>
  </datafield>
  <datafield tag="037" ind1=" " ind2=" ">
    <subfield code="a">RWTH-2025-10002</subfield>
  </datafield>
  <datafield tag="041" ind1=" " ind2=" ">
    <subfield code="a">English</subfield>
  </datafield>
  <datafield tag="082" ind1=" " ind2=" ">
    <subfield code="a">690</subfield>
  </datafield>
  <datafield tag="100" ind1="1" ind2=" ">
    <subfield code="0">P:(DE-82)IDM05275</subfield>
    <subfield code="a">von Wittenhorst Zu Sonsfeld, Lisa</subfield>
    <subfield code="b">0</subfield>
    <subfield code="e">Corresponding author</subfield>
    <subfield code="u">rwth</subfield>
  </datafield>
  <datafield tag="245" ind1=" " ind2=" ">
    <subfield code="a">Motivational, Sociodemographic, and Housing-Related Determinants of Smart Technology Adoption in German Households</subfield>
    <subfield code="h">online</subfield>
  </datafield>
  <datafield tag="260" ind1=" " ind2=" ">
    <subfield code="a">Basel</subfield>
    <subfield code="b">MDPI</subfield>
    <subfield code="c">2025</subfield>
  </datafield>
  <datafield tag="300" ind1=" " ind2=" ">
    <subfield code="a">[1]-26</subfield>
  </datafield>
  <datafield tag="336" ind1="7" ind2=" ">
    <subfield code="0">0</subfield>
    <subfield code="2">EndNote</subfield>
    <subfield code="a">Journal Article</subfield>
  </datafield>
  <datafield tag="336" ind1="7" ind2=" ">
    <subfield code="0">PUB:(DE-HGF)16</subfield>
    <subfield code="2">PUB:(DE-HGF)</subfield>
    <subfield code="a">Journal Article</subfield>
    <subfield code="b">journal</subfield>
    <subfield code="m">journal</subfield>
  </datafield>
  <datafield tag="336" ind1="7" ind2=" ">
    <subfield code="0">PUB:(DE-HGF)7</subfield>
    <subfield code="2">PUB:(DE-HGF)</subfield>
    <subfield code="a">Contribution to a book</subfield>
  </datafield>
  <datafield tag="336" ind1="7" ind2=" ">
    <subfield code="2">BibTeX</subfield>
    <subfield code="a">ARTICLE</subfield>
  </datafield>
  <datafield tag="336" ind1="7" ind2=" ">
    <subfield code="2">DRIVER</subfield>
    <subfield code="a">article</subfield>
  </datafield>
  <datafield tag="336" ind1="7" ind2=" ">
    <subfield code="2">DataCite</subfield>
    <subfield code="a">Output Types/Journal article</subfield>
  </datafield>
  <datafield tag="336" ind1="7" ind2=" ">
    <subfield code="2">ORCID</subfield>
    <subfield code="a">JOURNAL_ARTICLE</subfield>
  </datafield>
  <datafield tag="536" ind1=" " ind2=" ">
    <subfield code="0">G:(DE-82)021000-OAPKF</subfield>
    <subfield code="a">OAPKF - Open-Access-Publikation mit Unterstützung der RWTH Aachen University (021000-OAPKF)</subfield>
    <subfield code="c">021000-OAPKF</subfield>
    <subfield code="x">0</subfield>
  </datafield>
  <datafield tag="536" ind1=" " ind2=" ">
    <subfield code="0">G:(BMWK)03EWR010</subfield>
    <subfield code="a">BMWK 03EWR010 - Reallabor SmartQuart (03EWR010)</subfield>
    <subfield code="c">03EWR010</subfield>
    <subfield code="x">1</subfield>
  </datafield>
  <datafield tag="588" ind1=" " ind2=" ">
    <subfield code="a">Dataset connected to CrossRef, Journals: publications.rwth-aachen.de</subfield>
  </datafield>
  <datafield tag="591" ind1=" " ind2=" ">
    <subfield code="a">Germany</subfield>
  </datafield>
  <datafield tag="653" ind1=" " ind2="7">
    <subfield code="a">UTAUT2</subfield>
  </datafield>
  <datafield tag="653" ind1=" " ind2="7">
    <subfield code="a">behavioral energy efficiency</subfield>
  </datafield>
  <datafield tag="653" ind1=" " ind2="7">
    <subfield code="a">energy monitoring</subfield>
  </datafield>
  <datafield tag="653" ind1=" " ind2="7">
    <subfield code="a">home energy management systems</subfield>
  </datafield>
  <datafield tag="653" ind1=" " ind2="7">
    <subfield code="a">indoor air quality monitoring</subfield>
  </datafield>
  <datafield tag="653" ind1=" " ind2="7">
    <subfield code="a">motivational factors</subfield>
  </datafield>
  <datafield tag="653" ind1=" " ind2="7">
    <subfield code="a">smart home</subfield>
  </datafield>
  <datafield tag="653" ind1=" " ind2="7">
    <subfield code="a">smart technologies</subfield>
  </datafield>
  <datafield tag="653" ind1=" " ind2="7">
    <subfield code="a">sociodemographic and housing factors</subfield>
  </datafield>
  <datafield tag="653" ind1=" " ind2="7">
    <subfield code="a">technology adoption</subfield>
  </datafield>
  <datafield tag="700" ind1="1" ind2=" ">
    <subfield code="0">P:(DE-82)IDM02589</subfield>
    <subfield code="a">Beusker, Elisabeth</subfield>
    <subfield code="b">1</subfield>
    <subfield code="u">rwth</subfield>
  </datafield>
  <datafield tag="770" ind1=" " ind2=" ">
    <subfield code="a">Innovative Approaches for Sustainable Built Environments: Integrating Circular Materials, Green Infrastructures, and Smart Technologies / Special Issue Editors: Prof. Dr. Giulia Caneva , Guest Editor; Dr. Valentina Tomei, Guest Editor; Prof. Dr. Paola Altamura, Guest Editor</subfield>
  </datafield>
  <datafield tag="773" ind1=" " ind2=" ">
    <subfield code="0">PERI:(DE-600)2518383-7</subfield>
    <subfield code="a">10.3390/su172210300</subfield>
    <subfield code="n">22</subfield>
    <subfield code="p">10300</subfield>
    <subfield code="t">Sustainability</subfield>
    <subfield code="v">17</subfield>
    <subfield code="x">2071-1050</subfield>
    <subfield code="y">2025</subfield>
  </datafield>
  <datafield tag="856" ind1="4" ind2=" ">
    <subfield code="u">http://publications.rwth-aachen.de/record/1022409/files/1022409.pdf</subfield>
    <subfield code="y">OpenAccess</subfield>
  </datafield>
  <datafield tag="876" ind1="7" ind2=" ">
    <subfield code="c">1802.52</subfield>
    <subfield code="d">2025-12-10</subfield>
    <subfield code="e">APC</subfield>
    <subfield code="j">Zahlung erfolgt</subfield>
    <subfield code="v">342.48</subfield>
    <subfield code="x">021000-214220</subfield>
  </datafield>
  <datafield tag="909" ind1="C" ind2="O">
    <subfield code="o">oai:publications.rwth-aachen.de:1022409</subfield>
    <subfield code="p">openaire</subfield>
    <subfield code="p">open_access</subfield>
    <subfield code="p">OpenAPC</subfield>
    <subfield code="p">driver</subfield>
    <subfield code="p">VDB</subfield>
    <subfield code="p">openCost</subfield>
    <subfield code="p">dnbdelivery</subfield>
  </datafield>
  <datafield tag="910" ind1="1" ind2=" ">
    <subfield code="0">I:(DE-588b)36225-6</subfield>
    <subfield code="6">P:(DE-82)IDM05275</subfield>
    <subfield code="a">RWTH Aachen</subfield>
    <subfield code="b">0</subfield>
    <subfield code="k">RWTH</subfield>
  </datafield>
  <datafield tag="910" ind1="1" ind2=" ">
    <subfield code="0">I:(DE-588b)36225-6</subfield>
    <subfield code="6">P:(DE-82)IDM02589</subfield>
    <subfield code="a">RWTH Aachen</subfield>
    <subfield code="b">1</subfield>
    <subfield code="k">RWTH</subfield>
  </datafield>
  <datafield tag="914" ind1="1" ind2=" ">
    <subfield code="y">2025</subfield>
  </datafield>
  <datafield tag="915" ind1="1" ind2=" ">
    <subfield code="0">StatID:(DE-HGF)0031</subfield>
    <subfield code="2">StatID</subfield>
    <subfield code="a">Peer reviewed article</subfield>
    <subfield code="x">0</subfield>
  </datafield>
  <datafield tag="915" ind1="p" ind2="c">
    <subfield code="0">PC:(DE-HGF)0000</subfield>
    <subfield code="2">APC</subfield>
    <subfield code="a">APC keys set</subfield>
  </datafield>
  <datafield tag="915" ind1="p" ind2="c">
    <subfield code="0">PC:(DE-HGF)0001</subfield>
    <subfield code="2">APC</subfield>
    <subfield code="a">Local Funding</subfield>
  </datafield>
  <datafield tag="915" ind1=" " ind2=" ">
    <subfield code="a">DBCoverage</subfield>
    <subfield code="0">StatID:(DE-HGF)0150</subfield>
    <subfield code="2">StatID</subfield>
    <subfield code="b">Web of Science Core Collection</subfield>
    <subfield code="d">2024-12-13</subfield>
  </datafield>
  <datafield tag="915" ind1=" " ind2=" ">
    <subfield code="a">DBCoverage</subfield>
    <subfield code="0">StatID:(DE-HGF)0300</subfield>
    <subfield code="2">StatID</subfield>
    <subfield code="b">Medline</subfield>
    <subfield code="d">2024-12-13</subfield>
  </datafield>
  <datafield tag="915" ind1=" " ind2=" ">
    <subfield code="a">DBCoverage</subfield>
    <subfield code="0">StatID:(DE-HGF)0130</subfield>
    <subfield code="2">StatID</subfield>
    <subfield code="b">Social Sciences Citation Index</subfield>
    <subfield code="d">2024-12-13</subfield>
  </datafield>
  <datafield tag="915" ind1=" " ind2=" ">
    <subfield code="a">Creative Commons Attribution CC BY 4.0</subfield>
    <subfield code="0">LIC:(DE-HGF)CCBY4</subfield>
    <subfield code="2">HGFVOC</subfield>
  </datafield>
  <datafield tag="915" ind1=" " ind2=" ">
    <subfield code="a">JCR</subfield>
    <subfield code="0">StatID:(DE-HGF)0100</subfield>
    <subfield code="2">StatID</subfield>
    <subfield code="b">SUSTAINABILITY-BASEL : 2022</subfield>
    <subfield code="d">2024-12-13</subfield>
  </datafield>
  <datafield tag="915" ind1=" " ind2=" ">
    <subfield code="a">DBCoverage</subfield>
    <subfield code="0">StatID:(DE-HGF)1180</subfield>
    <subfield code="2">StatID</subfield>
    <subfield code="b">Current Contents - Social and Behavioral Sciences</subfield>
    <subfield code="d">2024-12-13</subfield>
  </datafield>
  <datafield tag="915" ind1=" " ind2=" ">
    <subfield code="a">WoS</subfield>
    <subfield code="0">StatID:(DE-HGF)0113</subfield>
    <subfield code="2">StatID</subfield>
    <subfield code="b">Science Citation Index Expanded</subfield>
    <subfield code="d">2024-12-13</subfield>
  </datafield>
  <datafield tag="915" ind1=" " ind2=" ">
    <subfield code="a">IF &lt; 5</subfield>
    <subfield code="0">StatID:(DE-HGF)9900</subfield>
    <subfield code="2">StatID</subfield>
    <subfield code="d">2024-12-13</subfield>
  </datafield>
  <datafield tag="915" ind1=" " ind2=" ">
    <subfield code="a">OpenAccess</subfield>
    <subfield code="0">StatID:(DE-HGF)0510</subfield>
    <subfield code="2">StatID</subfield>
  </datafield>
  <datafield tag="915" ind1=" " ind2=" ">
    <subfield code="a">DBCoverage</subfield>
    <subfield code="0">StatID:(DE-HGF)1060</subfield>
    <subfield code="2">StatID</subfield>
    <subfield code="b">Current Contents - Agriculture, Biology and Environmental Sciences</subfield>
    <subfield code="d">2024-12-13</subfield>
  </datafield>
  <datafield tag="915" ind1=" " ind2=" ">
    <subfield code="a">DBCoverage</subfield>
    <subfield code="0">StatID:(DE-HGF)0160</subfield>
    <subfield code="2">StatID</subfield>
    <subfield code="b">Essential Science Indicators</subfield>
    <subfield code="d">2024-12-13</subfield>
  </datafield>
  <datafield tag="915" ind1=" " ind2=" ">
    <subfield code="a">DBCoverage</subfield>
    <subfield code="0">StatID:(DE-HGF)0200</subfield>
    <subfield code="2">StatID</subfield>
    <subfield code="b">SCOPUS</subfield>
    <subfield code="d">2024-12-13</subfield>
  </datafield>
  <datafield tag="915" ind1=" " ind2=" ">
    <subfield code="a">DBCoverage</subfield>
    <subfield code="0">StatID:(DE-HGF)0199</subfield>
    <subfield code="2">StatID</subfield>
    <subfield code="b">Clarivate Analytics Master Journal List</subfield>
    <subfield code="d">2024-12-13</subfield>
  </datafield>
  <datafield tag="920" ind1="1" ind2=" ">
    <subfield code="0">I:(DE-82)214220_20140620</subfield>
    <subfield code="k">214220</subfield>
    <subfield code="l">Lehr- und Forschungsgebiet für Immobilienprojektentwicklung</subfield>
    <subfield code="x">0</subfield>
  </datafield>
  <datafield tag="980" ind1=" " ind2=" ">
    <subfield code="a">APC</subfield>
  </datafield>
  <datafield tag="980" ind1=" " ind2=" ">
    <subfield code="a">I:(DE-82)214220_20140620</subfield>
  </datafield>
  <datafield tag="980" ind1=" " ind2=" ">
    <subfield code="a">UNRESTRICTED</subfield>
  </datafield>
  <datafield tag="980" ind1=" " ind2=" ">
    <subfield code="a">VDB</subfield>
  </datafield>
  <datafield tag="980" ind1=" " ind2=" ">
    <subfield code="a">contb</subfield>
  </datafield>
  <datafield tag="980" ind1=" " ind2=" ">
    <subfield code="a">journal</subfield>
  </datafield>
  <datafield tag="980" ind1="1" ind2=" ">
    <subfield code="a">FullTexts</subfield>
  </datafield>
</record>
</collection>